| 000 | 00797nam a2200253 a 4500 | ||
|---|---|---|---|
| 001 | 10367 | ||
| 003 | CO-ViMGA | ||
| 008 | 141112s2004 ck r 000 u spa d | ||
| 020 | _a980001500 | ||
| 040 |
_aCO-ViMGA _bspa _cCO-ViMGA |
||
| 082 | 0 | 4 | _a980 A53a |
| 100 | 1 |
_aBecker ; Felix, _913729 |
|
| 245 | 1 | 0 | _aAmérica Latina en las letras y ciencias Sociales alemanas |
| 250 | _a1 | ||
| 260 |
_aCaracas : _bMonte Avila Editores C.A, _c1985 |
||
| 300 | _a506p. | ||
| 650 | 1 | 4 |
_aAmérica LATINA - CONDICIONES - ECONOMICA _913730 |
| 650 | 1 | 4 |
_aAmérica LATINA - CONDICIONES SOCIAL _913731 |
| 650 | 1 | 4 |
_aAmérica LATINA - EXTERIORES _913732 |
| 650 | 1 | 4 |
_aAmérica LATINA - Política - ENSAYOS _913733 |
| 650 | 1 | 4 |
_aCONFERENCIAS _98011 |
| 650 | 1 | 4 |
_aCULTURA América LATINA _99344 |
| 942 |
_2ddc _cBK |
||
| 999 |
_c21714 _d21714 |
||